[Event "Moscow Dvorkovich Cup U16 4th"]
[Site "Moscow"]
[Date "2009.06.25"]
[Round "9"]
[White "Petrosyan, Tigran S"]
[Black "Meribanov, Vitaly"]
[Result "1/2-1/2"]
[WhiteElo "2047"]
[BlackElo "2132"]
[PlyCount "114"]
[EventDate "2009.06.20"]
[EventType "team-tourn"]
[EventRounds "14"]
[EventCountry "RUS"]
[SourceTitle "CBM 131 Extra"]
[Source "ChessBase"]
[SourceDate "2009.09.03"]
[SourceVersion "2"]
[SourceVersionDate "2009.09.16"]
[SourceQuality "1"]

1. e4 c5 2. Nf3 Nc6 3. Bb5 g6 4. Bxc6 dxc6 5. d3 Bg7 6. h3 Nf6 7. Nc3 Nd7 8.
Be3 e5 9. Qd2 Qe7 10. Bh6 Bxh6 11. Qxh6 f6 12. Nh4 Nf8 13. Ne2 Be6 14. f4 exf4
15. Nxf4 Bf7 16. O-O O-O-O 17. Rae1 c4 18. Kh1 cxd3 19. cxd3 Rg8 20. d4 Rxd4
21. e5 f5 22. Nf3 Re4 23. Ng5 Rxe1 24. Rxe1 Ne6 25. Ngxe6 Bxe6 26. Nxe6 Qxe6
27. Qxh7 g5 28. Rf1 f4 29. Qe4 Rh8 30. Kg1 Kb8 31. Re1 Re8 32. a3 a6 33. b4 Rg8
34. Rf1 Rf8 35. a4 Re8 36. Re1 g4 37. hxg4 Qxg4 38. Qf3 Qf5 39. Qe4 Qg4 40. Qf3
Qxf3 41. gxf3 a5 42. bxa5 Ka7 43. Re4 Ka6 44. Kg2 Kxa5 45. Kh3 c5 46. Kg4 Rc8
47. Rc4 b5 48. axb5 Kxb5 49. Rc1 Rf8 50. e6 c4 51. e7 Re8 52. Re1 Kc6 53. Kxf4
Kd7 54. Rc1 Rc8 55. Ke4 Kxe7 56. Kd4 Kf6 57. Rxc4 Rxc4+ 1/2-1/2

[Event "Moscow Dvorkovich Cup U16 4th"]
[Site "Moscow"]
[Date "2009.06.25"]
[Round "10"]
[White "Meribanov, Vitaly"]
[Black "Petrosyan, Tigran S"]
[Result "1-0"]
[WhiteElo "2132"]
[BlackElo "2047"]
[PlyCount "117"]
[EventDate "2009.06.20"]
[EventType "team-tourn"]
[EventRounds "14"]
[EventCountry "RUS"]
[SourceTitle "CBM 131 Extra"]
[Source "ChessBase"]
[SourceDate "2009.09.03"]
[SourceVersion "2"]
[SourceVersionDate "2009.09.16"]
[SourceQuality "1"]

1. e4 e5 2. Nf3 Nc6 3. Bb5 a6 4. Ba4 Nf6 5. O-O Be7 6. Re1 b5 7. Bb3 O-O 8. h3
Bb7 9. d3 d6 10. c3 Na5 11. Bc2 c5 12. Nbd2 Qc7 13. Nf1 Rfe8 14. Ng3 Bf8 15.
Bg5 Nd7 16. Nf5 d5 17. exd5 Bxd5 18. Nd2 Nc6 19. Qg4 Be6 20. Qf3 Nb6 21. Ne4
Ne7 22. Neg3 Nxf5 23. Nxf5 Bxf5 24. Qxf5 g6 25. Qf3 Bg7 26. h4 h5 27. a4 Nxa4
28. Bxa4 bxa4 29. Rxa4 Rab8 30. Ra2 Rb6 31. Rea1 Reb8 32. g3 Rxb2 33. Rxa6 Rb1+
34. Rxb1 Rxb1+ 35. Kg2 Qd7 36. Ra8+ Kh7 37. Rd8 Qb7 38. Qxb7 Rxb7 39. Rd5 Rc7
40. c4 f6 41. Be3 Bf8 42. Kf3 Kg7 43. Ke4 Kf7 44. f4 exf4 45. Bxf4 Re7+ 46. Kf3
Ra7 47. Be3 Rc7 48. Ke2 Ke6 49. Kd2 Bd6 50. Bf2 Rc8 51. Ke3 Rc6 52. Ke4 Rc8 53.
Kf3 Rc6 54. Be3 Rc8 55. Bc1 Ra8 56. Bb2 Be7 57. Bc3 g5 58. Bd2 Ra3 59. Be3 1-0

[Event "Moscow Dvorkovich Cup U16 4th"]
[Site "Moscow"]
[Date "2009.06.26"]
[Round "11"]
[White "Danilenko, Dmitriy"]
[Black "Petrosyan, Tigran S"]
[Result "1/2-1/2"]
[WhiteElo "2303"]
[BlackElo "2047"]
[PlyCount "111"]
[EventDate "2009.06.20"]
[EventType "team-tourn"]
[EventRounds "14"]
[EventCountry "RUS"]
[SourceTitle "CBM 131 Extra"]
[Source "ChessBase"]
[SourceDate "2009.09.03"]
[SourceVersion "2"]
[SourceVersionDate "2009.09.16"]
[SourceQuality "1"]

1. e4 e5 2. Nf3 Nc6 3. Nc3 Nf6 4. d4 exd4 5. Nxd4 Bb4 6. Nxc6 bxc6 7. Bd3 d5 8.
exd5 cxd5 9. O-O O-O 10. Bg5 c6 11. Qf3 Bd6 12. h3 Rb8 13. Rab1 h6 14. Bf4 Be6
15. Ne2 c5 16. c3 Re8 17. Rfe1 Rb6 18. g4 d4 19. c4 Bc8 20. Bxd6 Rxd6 21. Nf4
Rd7 22. Qa8 Rde7 23. Kf1 Qc7 24. Rxe7 Qxe7 25. Nd5 Nxd5 26. Qxd5 Bb7 27. Qf5 g6
28. Qf4 Qe6 29. Kg1 Qc6 30. f3 Qxf3 31. Qxf3 Bxf3 32. b4 Re3 33. Bf1 Be4 34.
Rb2 cxb4 35. Rxb4 Re1 36. Kf2 Rb1 37. Rxb1 Bxb1 38. c5 Kf8 39. Bc4 Ke7 40. Kf3
f6 41. a3 a5 42. Ke2 Kd7 43. Bd3 Bxd3+ 44. Kxd3 Kc6 45. Kxd4 f5 46. gxf5 gxf5
47. Ke5 Kxc5 48. Kxf5 a4 49. Kg6 Kc4 50. Kxh6 Kb3 51. Kg7 Kxa3 52. h4 Kb3 53.
h5 a3 54. h6 a2 55. h7 a1=Q+ 56. Kg8 1/2-1/2

[Event "Moscow Dvorkovich Cup U16 4th"]
[Site "Moscow"]
[Date "2009.06.26"]
[Round "12"]
[White "Petrosyan, Tigran S"]
[Black "Danilenko, Dmitriy"]
[Result "1-0"]
[WhiteElo "2047"]
[BlackElo "2303"]
[PlyCount "169"]
[EventDate "2009.06.20"]
[EventType "team-tourn"]
[EventRounds "14"]
[EventCountry "RUS"]
[SourceTitle "CBM 131 Extra"]
[Source "ChessBase"]
[SourceDate "2009.09.03"]
[SourceVersion "2"]
[SourceVersionDate "2009.09.16"]
[SourceQuality "1"]

1. e4 c5 2. Nf3 g6 3. d4 Bg7 4. c3 cxd4 5. cxd4 d5 6. e5 Bg4 7. Be2 e6 8. O-O
Ne7 9. Nc3 O-O 10. Bg5 h6 11. Bxe7 Qxe7 12. Nd2 Bxe2 13. Qxe2 Nc6 14. Nb3 a6
15. Rac1 Qb4 16. Rfd1 Rfc8 17. Qd2 Bf8 18. Ne2 Qb6 19. Rc2 Nb4 20. Rxc8 Rxc8
21. Rc1 Rc4 22. a3 Nc6 23. Rc3 a5 24. Qd3 Qa6 25. Kf1 a4 26. Nd2 Rxc3 27. Qxc3
b5 28. Qd3 Qb6 29. Nb1 b4 30. axb4 Nxb4 31. Qd1 Qa6 32. Nbc3 a3 33. bxa3 Qxa3
34. g3 Nc6 35. Qc2 Bb4 36. Nxd5 Qf3 37. Nf6+ Kg7 38. Qe4 Qxe4 39. Nxe4 Ne7 40.
N2c3 Ba5 41. Ke2 g5 42. Kd3 Kg6 43. g4 h5 44. h3 hxg4 45. hxg4 Bb6 46. f3 Nc6
47. Nb5 Ne7 48. Kc4 Nd5 49. Nbc3 Nf4 50. d5 exd5+ 51. Nxd5 Nxd5 52. Kxd5 Be3
53. Ng3 Bf4 54. Nf5 Bh2 55. Ke4 Bf4 56. Nd4 Bc1 57. Kd5 Bb2 58. Nf5 Ba1 59. Ne3
Bc3 60. Nc4 Bb4 61. Nd6 Bc3 62. Ne4 Bb2 63. Nd2 Bc3 64. Nc4 Bb4 65. Kc6 Kg7 66.
Kd7 Bc3 67. Ke8 Bd4 68. Ke7 Bc3 69. e6 fxe6 70. Kxe6 Kg6 71. Ne5+ Kg7 72. Kf5
Bd2 73. Nc4 Bc1 74. Nd6 Bf4 75. Ne4 Kh6 76. Kf6 Be3 77. Nd6 Bf4 78. Nf7+ Kh7
79. Nxg5+ Kg8 80. Kf5 Bc7 81. Ne4 Bd8 82. Kg6 Be7 83. f4 Bf8 84. f5 Be7 85. g5
1-0

[Event "Akhisar Manisa ol U16"]
[Site "Akhisar Manisa"]
[Date "2009.09.25"]
[Round "1"]
[White "Gor, Onur"]
[Black "Petrosyan, Tigran S"]
[Result "0-1"]
[WhiteElo "1784"]
[BlackElo "2073"]
[PlyCount "60"]
[EventDate "2009.09.25"]
[EventType "team-swiss"]
[EventRounds "10"]
[EventCountry "TUR"]
[SourceTitle "CBM 132 Extra"]
[Source "ChessBase"]
[SourceDate "2009.11.03"]
[SourceVersion "1"]
[SourceVersionDate "2009.11.03"]
[SourceQuality "1"]

1. d4 d5 2. c4 e6 3. Nc3 Nf6 4. Nf3 Nbd7 5. e3 c6 6. Bd3 Bd6 7. O-O O-O 8. e4
dxc4 9. Bxc4 e5 10. Bg5 h6 11. Bh4 Qe7 12. Re1 Rd8 13. Qe2 exd4 14. Nxd4 Nb6
15. Rad1 Nxc4 16. Qxc4 Bxh2+ 17. Kxh2 Ng4+ 18. Kg3 g5 19. Bxg5 hxg5 20. Nf3 Be6
21. Qe2 Qf6 22. Nxg5 Qxg5 23. f4 Qg7 24. f5 Ne3+ 25. Kf4 Nxd1 26. Nxd1 Rd2 27.
Qh5 Rxg2 28. fxe6 fxe6 29. Ke3 Rd8 30. Nf2 Qd4+ 0-1

[Event "Akhisar Manisa ol U16"]
[Site "Akhisar Manisa"]
[Date "2009.09.26"]
[Round "2"]
[White "Petrosyan, Tigran S"]
[Black "Patel, Yesim"]
[Result "1-0"]
[WhiteElo "2073"]
[BlackElo "1771"]
[PlyCount "59"]
[EventDate "2009.09.25"]
[EventType "team-swiss"]
[EventRounds "10"]
[EventCountry "TUR"]
[SourceTitle "CBM 132 Extra"]
[Source "ChessBase"]
[SourceDate "2009.11.03"]
[SourceVersion "1"]
[SourceVersionDate "2009.11.03"]
[SourceQuality "1"]

1. e4 c5 2. Nf3 e6 3. d4 cxd4 4. Nxd4 a6 5. Bd3 Nf6 6. O-O Qc7 7. Qe2 d6 8. c4
b6 9. Nc3 Nbd7 10. f4 Be7 11. Bd2 O-O 12. Rae1 Nc5 13. Bb1 Re8 14. e5 Nfd7 15.
b4 Nb7 16. Nxe6 fxe6 17. Qh5 Nf8 18. Qxe8 d5 19. cxd5 Bxb4 20. dxe6 Bxe6 21.
Qxa8 Na5 22. f5 Bd7 23. Nd5 Qc5+ 24. Be3 Qb5 25. Nxb4 Qxb4 26. Qd5+ Kh8 27. Bd2
Qe7 28. f6 Qe8 29. fxg7+ Kxg7 30. Rxf8 1-0

[Event "Akhisar Manisa ol U16"]
[Site "Akhisar Manisa"]
[Date "2009.09.26"]
[Round "3"]
[White "Catalkilic, Ozgur"]
[Black "Petrosyan, Tigran S"]
[Result "1/2-1/2"]
[WhiteElo "1981"]
[BlackElo "2073"]
[PlyCount "75"]
[EventDate "2009.09.25"]
[EventType "team-swiss"]
[EventRounds "10"]
[EventCountry "TUR"]
[SourceTitle "CBM 132 Extra"]
[Source "ChessBase"]
[SourceDate "2009.11.03"]
[SourceVersion "1"]
[SourceVersionDate "2009.11.03"]
[SourceQuality "1"]

1. e4 e5 2. Nf3 Nc6 3. d4 exd4 4. Nxd4 Nf6 5. Nxc6 bxc6 6. e5 Qe7 7. Qe2 Nd5 8.
c4 Qb4+ 9. Nd2 Nf4 10. Qe4 Ng6 11. Bd3 Bb7 12. O-O Qb6 13. Nf3 Be7 14. Qe2 O-O
15. Qc2 c5 16. Be4 Bxe4 17. Qxe4 a5 18. Rb1 Qe6 19. Re1 a4 20. Bd2 f5 21. Qd3
Rfd8 22. Rbd1 Rab8 23. Bc1 Rb4 24. b3 axb3 25. axb3 Rbb8 26. Ng5 Bxg5 27. Bxg5
Re8 28. Qxd7 Qxd7 29. Rxd7 Nxe5 30. Rdd1 Nc6 31. Rxe8+ Rxe8 32. Kf1 Na5 33. Rd8
Rxd8 34. Bxd8 Nxb3 35. Bxc7 Nd2+ 36. Ke2 Nxc4 37. Kd3 Na3 38. Bb6 1/2-1/2

[Event "Akhisar Manisa ol U16"]
[Site "Akhisar Manisa"]
[Date "2009.09.30"]
[Round "7"]
[White "Petrosyan, Tigran S"]
[Black "Beradze, Irakli"]
[Result "1-0"]
[WhiteElo "2073"]
[BlackElo "2156"]
[PlyCount "77"]
[EventDate "2009.09.25"]
[EventType "team-swiss"]
[EventRounds "10"]
[EventCountry "TUR"]
[SourceTitle "CBM 132 Extra"]
[Source "ChessBase"]
[SourceDate "2009.11.03"]
[SourceVersion "1"]
[SourceVersionDate "2009.11.03"]
[SourceQuality "1"]

1. e4 c6 2. Nc3 g6 3. Nf3 Bg7 4. d4 d5 5. Be2 dxe4 6. Nxe4 Nd7 7. O-O Ngf6 8.
Nxf6+ Nxf6 9. Bf4 O-O 10. Be5 Bf5 11. Nh4 Be6 12. c4 Qd7 13. Qc2 Ne8 14. Rad1
f6 15. Bg3 Nd6 16. d5 cxd5 17. cxd5 Bf7 18. Qb3 Rac8 19. Bxd6 Qxd6 20. Qxb7 Rb8
21. Qxa7 Rxb2 22. Bf3 f5 23. g3 Rc8 24. Rc1 Rxc1 25. Rxc1 Bf6 26. Ng2 Bxd5 27.
Bxd5+ Qxd5 28. Nf4 Qd2 29. Rf1 Rxa2 30. Qb8+ Kf7 31. Qb3+ Kg7 32. Ne6+ Kh6 33.
Qb8 Bd4 34. Qf8+ Kh5 35. Kg2 Be5 36. Qxe7 Ra4 37. Qxh7+ Qh6 38. Qd7 Re4 39.
Qd1+ 1-0

[Event "Akhisar Manisa ol U16"]
[Site "Akhisar Manisa"]
[Date "2009.10.01"]
[Round "8"]
[White "Petrosyan, Tigran S"]
[Black "Guliyev, Murrat"]
[Result "1/2-1/2"]
[WhiteElo "2073"]
[BlackElo "2089"]
[PlyCount "96"]
[EventDate "2009.09.25"]
[EventType "team-swiss"]
[EventRounds "10"]
[EventCountry "TUR"]
[SourceTitle "CBM 132 Extra"]
[Source "ChessBase"]
[SourceDate "2009.11.03"]
[SourceVersion "1"]
[SourceVersionDate "2009.11.03"]
[SourceQuality "1"]

1. e4 e6 2. Qe2 c5 3. Nf3 Nc6 4. g3 g6 5. Bg2 Bg7 6. O-O Nge7 7. d3 O-O 8. Re1
d5 9. e5 b5 10. Bf4 Bb7 11. Nbd2 Rc8 12. a4 a6 13. h4 Nf5 14. c3 Qb6 15. axb5
axb5 16. h5 b4 17. hxg6 fxg6 18. Ng5 Rce8 19. Qg4 Qc7 20. Ngf3 Ra8 21. Rxa8
Rxa8 22. Qh3 Nd8 23. cxb4 cxb4 24. Nf1 Nf7 25. g4 Ne7 26. Rc1 Qd7 27. N1d2 Rc8
28. Rxc8+ Qxc8 29. Nb3 Qc2 30. Nbd4 Qb1+ 31. Bf1 Bc8 32. Qh4 Kf8 33. Bg5 Ng8
34. Qxh7 Qxb2 35. Qxg6 Bxe5 36. Be3 Ne7 37. Qh7 Bg7 38. g5 e5 39. g6 Nxg6 40.
Qxg6 exd4 41. Ng5 Nxg5 42. Bxg5 Qc3 43. Qd6+ Kf7 44. Qe7+ Kg8 45. Qe8+ Kh7 46.
Qh5+ Kg8 47. Qe8+ Kh7 48. Qh5+ Kg8 1/2-1/2

[Event "Akhisar Manisa ol U16"]
[Site "Akhisar Manisa"]
[Date "2009.10.02"]
[Round "10"]
[White "Petrosyan, Tigran S"]
[Black "Benzetsel, Ekim"]
[Result "1-0"]
[WhiteElo "2073"]
[BlackElo "1769"]
[PlyCount "51"]
[EventDate "2009.09.25"]
[EventType "team-swiss"]
[EventRounds "10"]
[EventCountry "TUR"]
[SourceTitle "CBM 132 Extra"]
[Source "ChessBase"]
[SourceDate "2009.11.03"]
[SourceVersion "1"]
[SourceVersionDate "2009.11.03"]
[SourceQuality "1"]

1. e4 c5 2. Nf3 g6 3. d4 cxd4 4. Nxd4 Nc6 5. Nc3 Bg7 6. Be3 Nf6 7. Bc4 O-O 8.
Bb3 a5 9. a4 Ng4 10. Nxc6 Nxe3 11. Nxd8 Nxd1 12. Rxd1 Rxd8 13. Nd5 e6 14. Nb6
Ra6 15. Nxc8 Rxc8 16. Rxd7 Rb6 17. O-O Bxb2 18. f4 Rb4 19. f5 Rxe4 20. fxe6
Bd4+ 21. Rxd4 Rxd4 22. e7 Rb4 23. Bxf7+ Kg7 24. e8=Q Rxe8 25. Bxe8 Re4 26. Bb5
1-0

[Event "Wch U16"]
[Site "Kemer"]
[Date "2009.11.12"]
[Round "1"]
[White "Petrosyan, Tigran S"]
[Black "Arribas Lopez, Angel"]
[Result "1-0"]
[WhiteElo "2106"]
[BlackElo "2461"]
[PlyCount "63"]
[EventDate "2009.11.12"]
[EventType "swiss"]
[EventRounds "11"]
[EventCountry "TUR"]
[SourceTitle "EXT 2010"]
[Source "ChessBase"]
[SourceDate "2010.11.25"]
[SourceVersion "1"]
[SourceVersionDate "2010.11.25"]
[SourceQuality "1"]

1. e4 c5 2. Nf3 d6 3. d4 cxd4 4. Nxd4 Nf6 5. Nc3 g6 6. Be3 Bg7 7. f3 O-O 8. Qd2
Nc6 9. Bc4 Bd7 10. O-O-O Rb8 11. Bb3 Na5 12. h4 b5 13. g4 Nc4 14. Qd3 Nxe3 15.
Qxe3 b4 16. Nd5 e6 17. Nxf6+ Qxf6 18. g5 Qd8 19. h5 Qb6 20. hxg6 hxg6 21. f4
Rfe8 22. Qg1 Rb7 23. f5 exf5 24. exf5 Bxd4 25. Qxd4 Qxd4 26. Rxd4 Bxf5 27. Rdh4
Kf8 28. Rh8+ Ke7 29. Re1+ Be6 30. Bxe6 fxe6 31. Rh7+ Kf8 32. Rxb7 1-0

[Event "Wch U16"]
[Site "Kemer"]
[Date "2009.11.13"]
[Round "2"]
[White "Petrosyan, Tigran S"]
[Black "Zhou, Yang Fan"]
[Result "0-1"]
[WhiteElo "2106"]
[BlackElo "2295"]
[PlyCount "50"]
[EventDate "2009.11.12"]
[EventType "swiss"]
[EventRounds "11"]
[EventCountry "TUR"]
[SourceTitle "EXT 2010"]
[Source "ChessBase"]
[SourceDate "2010.11.25"]
[SourceVersion "1"]
[SourceVersionDate "2010.11.25"]
[SourceQuality "1"]

1. e4 c5 2. Nf3 d6 3. d4 cxd4 4. Nxd4 Nf6 5. Nc3 g6 6. Be3 a6 7. f3 b5 8. Qd2
Bb7 9. O-O-O Nbd7 10. g4 h6 11. h4 b4 12. Nce2 e5 13. Nb3 a5 14. Kb1 d5 15.
exd5 Nxd5 16. c4 a4 17. Nc5 Bxc5 18. cxd5 Qb6 19. Bxc5 Nxc5 20. Ng3 Nb3 21. Qe2
O-O 22. Qxe5 Nd2+ 23. Ka1 a3 24. Ne4 axb2+ 25. Qxb2 Rxa2+ 0-1

[Event "Wch U16"]
[Site "Kemer"]
[Date "2009.11.14"]
[Round "3"]
[White "Bures, Jaroslav"]
[Black "Petrosyan, Tigran S"]
[Result "0-1"]
[WhiteElo "2300"]
[BlackElo "2106"]
[PlyCount "30"]
[EventDate "2009.11.12"]
[EventType "swiss"]
[EventRounds "11"]
[EventCountry "TUR"]
[SourceTitle "EXT 2010"]
[Source "ChessBase"]
[SourceDate "2010.11.25"]
[SourceVersion "1"]
[SourceVersionDate "2010.11.25"]
[SourceQuality "1"]

1. e4 e5 2. Nf3 Nc6 3. Bb5 a6 4. Ba4 Nf6 5. O-O Be7 6. Re1 b5 7. Bb3 O-O 8. h3
d6 9. c3 Rb8 10. d4 Nd7 11. Nbd2 Bb7 12. Bc2 Re8 13. Nf1 Kf8 14. Ng3 g6 15. Bd2
exd4 0-1

[Event "Wch U16"]
[Site "Kemer"]
[Date "2009.11.15"]
[Round "4"]
[White "Raznikov, Danny"]
[Black "Petrosyan, Tigran S"]
[Result "1/2-1/2"]
[WhiteElo "2290"]
[BlackElo "2106"]
[PlyCount "95"]
[EventDate "2009.11.12"]
[EventType "swiss"]
[EventRounds "11"]
[EventCountry "TUR"]
[SourceTitle "EXT 2010"]
[Source "ChessBase"]
[SourceDate "2010.11.25"]
[SourceVersion "1"]
[SourceVersionDate "2010.11.25"]
[SourceQuality "1"]

1. d4 d5 2. c4 e6 3. Nf3 Nf6 4. g3 Be7 5. Bg2 O-O 6. O-O dxc4 7. Qc2 a6 8. Qxc4
b5 9. Qc2 Bb7 10. Bd2 Nbd7 11. Ba5 Rc8 12. Nbd2 Nd5 13. a3 Qe8 14. e4 N5b6 15.
b4 Nb8 16. Qb3 Nc4 17. Nxc4 bxc4 18. Qxc4 Bxe4 19. Ne5 Bxg2 20. Kxg2 Qb5 21.
Rac1 Bd6 22. Rfd1 c6 23. Nd3 Nd7 24. Rd2 Qb7 25. Kg1 Nf6 26. Rdc2 Nd5 27. Qb3
h6 28. Qa4 Ne7 29. Nb2 Qb5 30. Qb3 Bb8 31. Qc4 Qb7 32. Na4 Ba7 33. Nc5 Bxc5 34.
Qxc5 Rfe8 35. Rc4 Rb8 36. Qe5 Rec8 37. Rc5 Qd7 38. a4 Ng6 39. Qe4 Ne7 40. R1c4
Nd5 41. Qc2 Ne7 42. h4 Nf5 43. b5 axb5 44. axb5 Nxd4 45. bxc6 Qd6 46. Qd1 Rb5
47. Qa4 Nc2 48. Rd4 1/2-1/2

[Event "Wch U16"]
[Site "Kemer"]
[Date "2009.11.16"]
[Round "5"]
[White "Petrosyan, Tigran S"]
[Black "Kantans, Toms"]
[Result "1/2-1/2"]
[WhiteElo "2106"]
[BlackElo "2281"]
[PlyCount "60"]
[EventDate "2009.11.12"]
[EventType "swiss"]
[EventRounds "11"]
[EventCountry "TUR"]
[SourceTitle "EXT 2010"]
[Source "ChessBase"]
[SourceDate "2010.11.25"]
[SourceVersion "1"]
[SourceVersionDate "2010.11.25"]
[SourceQuality "1"]

1. e4 c5 2. Nf3 Nf6 3. e5 Nd5 4. Nc3 e6 5. Nxd5 exd5 6. d4 Nc6 7. dxc5 Bxc5 8.
Bd3 d6 9. exd6 Qxd6 10. O-O O-O 11. b3 Be6 12. Bb2 Rad8 13. Ng5 h6 14. Qh5 Bd4
15. Bxd4 Nxd4 16. Nf3 Nc6 17. Rae1 Rc8 18. Ne5 Nb4 19. f4 Bd7 20. f5 f6 21.
Nxd7 Qxd7 22. Re2 a6 23. Rd1 Rfe8 24. c4 Nxd3 25. Rxd3 d4 26. Qf3 Rxe2 27. Qxe2
Qxf5 28. Rxd4 Rc5 29. Qe8+ Kh7 30. Qe4 Kg6 1/2-1/2

[Event "Wch U16"]
[Site "Kemer"]
[Date "2009.11.16"]
[Round "6"]
[White "Getz, Alec S"]
[Black "Petrosyan, Tigran S"]
[Result "1/2-1/2"]
[WhiteElo "2251"]
[BlackElo "2106"]
[PlyCount "72"]
[EventDate "2009.11.12"]
[EventType "swiss"]
[EventRounds "11"]
[EventCountry "TUR"]
[SourceTitle "EXT 2010"]
[Source "ChessBase"]
[SourceDate "2010.11.25"]
[SourceVersion "1"]
[SourceVersionDate "2010.11.25"]
[SourceQuality "1"]

1. c4 e6 2. Nc3 d5 3. d4 Nf6 4. Nf3 Nbd7 5. Bf4 dxc4 6. e3 Nb6 7. Nd2 Nbd5 8.
Bg3 Nxc3 9. bxc3 b5 10. a4 c6 11. Be2 Be7 12. Bf3 Nd5 13. Qc2 O-O 14. O-O a6
15. e4 Nb6 16. a5 Nd7 17. e5 Qc7 18. Be4 g6 19. h4 Bb7 20. h5 Kg7 21. f4 c5 22.
Rae1 cxd4 23. cxd4 Bb4 24. d5 exd5 25. Bf3 Rae8 26. Kh2 Qxa5 27. Ra1 Qd8 28. e6
fxe6 29. Qb2+ c3 30. Qxb4 cxd2 31. Qxd2 Qf6 32. Rad1 Rc8 33. Rfe1 Rfe8 34. Bf2
Rc4 35. Bg3 Kg8 36. Be2 Qc3 1/2-1/2

[Event "Wch U16"]
[Site "Kemer"]
[Date "2009.11.16"]
[Round "7"]
[White "Petrosyan, Tigran S"]
[Black "Saeed, Ishaq"]
[Result "1-0"]
[WhiteElo "2106"]
[BlackElo "2271"]
[PlyCount "101"]
[EventDate "2009.11.12"]
[EventType "swiss"]
[EventRounds "11"]
[EventCountry "TUR"]
[SourceTitle "EXT 2010"]
[Source "ChessBase"]
[SourceDate "2010.11.25"]
[SourceVersion "1"]
[SourceVersionDate "2010.11.25"]
[SourceQuality "1"]

1. e4 c6 2. d4 d5 3. exd5 cxd5 4. c4 Nf6 5. Nc3 Be6 6. c5 a6 7. Nf3 Nc6 8. Be2
g6 9. O-O Bg7 10. h3 O-O 11. Bf4 Nd7 12. Na4 f6 13. Qd2 Bf7 14. Bh6 e5 15. Bxg7
Kxg7 16. b4 Re8 17. Rab1 exd4 18. Rfe1 Re4 19. Bf1 Nde5 20. Nb6 Rb8 21. a4
Nxf3+ 22. gxf3 Ne5 23. Be2 Rh4 24. f4 Nc4 25. Qxd4 Nxb6 26. cxb6 Qd6 27. Bf1
Rc8 28. Rbc1 Rxc1 29. Rxc1 Rxf4 30. Qc5 Qe5 31. Qc7 Qg5+ 32. Bg2 Rxb4 33. Re1
Rc4 34. Qxb7 d4 35. Qe4 Rb4 36. b7 Qd2 37. Rb1 g5 38. b8=Q Rxb8 39. Rxb8 d3 40.
Bf1 Bg6 41. Rb7+ Kh6 42. Qd4 Qe1 43. Rd7 a5 44. Rd6 Qd1 45. Rxf6 d2 46. Rd6 Qb3
47. Qxd2 Qf3 48. Qe3 Qf8 49. Rd4 Qf7 50. h4 Kg7 51. Qe5+ 1-0

[Event "Wch U16"]
[Site "Kemer"]
[Date "2009.11.19"]
[Round "8"]
[White "Sochacki, Christophe"]
[Black "Petrosyan, Tigran S"]
[Result "1/2-1/2"]
[WhiteElo "2319"]
[BlackElo "2106"]
[PlyCount "30"]
[EventDate "2009.11.12"]
[EventType "swiss"]
[EventRounds "11"]
[EventCountry "TUR"]
[SourceTitle "EXT 2010"]
[Source "ChessBase"]
[SourceDate "2010.11.25"]
[SourceVersion "1"]
[SourceVersionDate "2010.11.25"]
[SourceQuality "1"]

1. Nf3 d5 2. c4 e6 3. d4 Nf6 4. g3 Be7 5. Bg2 O-O 6. O-O dxc4 7. Ne5 Nd5 8. Qc2
b5 9. a4 c6 10. axb5 cxb5 11. Nc3 f6 12. Ng4 Nd7 13. Be4 f5 14. Ne5 Bb7 15. Bg2
a6 1/2-1/2

[Event "Wch U16"]
[Site "Kemer"]
[Date "2009.11.20"]
[Round "9"]
[White "Petrosyan, Tigran S"]
[Black "Nestorovic, Lazar"]
[Result "1/2-1/2"]
[WhiteElo "2106"]
[BlackElo "2295"]
[PlyCount "52"]
[EventDate "2009.11.12"]
[EventType "swiss"]
[EventRounds "11"]
[EventCountry "TUR"]
[SourceTitle "EXT 2010"]
[Source "ChessBase"]
[SourceDate "2010.11.25"]
[SourceVersion "1"]
[SourceVersionDate "2010.11.25"]
[SourceQuality "1"]

1. e4 c5 2. Nc3 a6 3. a4 e6 4. Nge2 Nc6 5. g3 d6 6. Bg2 Nf6 7. O-O Be7 8. f4
O-O 9. d3 Qc7 10. Kh1 Rb8 11. Be3 b5 12. Qd2 b4 13. Nd1 d5 14. e5 Nd7 15. d4
cxd4 16. Nxd4 Nxd4 17. Bxd4 a5 18. Ne3 Ba6 19. Rf2 Bc5 20. Rg1 Rfc8 21. Rd1 Qa7
22. Bxc5 Qxc5 23. Qd4 Rc7 24. Qxc5 Nxc5 25. b3 Rbc8 26. Rfd2 Kf8 1/2-1/2

[Event "Wch U16"]
[Site "Kemer"]
[Date "2009.11.21"]
[Round "10"]
[White "Baghdasaryan, Vahe"]
[Black "Petrosyan, Tigran S"]
[Result "1/2-1/2"]
[WhiteElo "2294"]
[BlackElo "2106"]
[PlyCount "92"]
[EventDate "2009.11.12"]
[EventType "swiss"]
[EventRounds "11"]
[EventCountry "TUR"]
[SourceTitle "EXT 2010"]
[Source "ChessBase"]
[SourceDate "2010.11.25"]
[SourceVersion "1"]
[SourceVersionDate "2010.11.25"]
[SourceQuality "1"]

1. e4 e5 2. Nf3 Nc6 3. Bb5 a6 4. Ba4 Nf6 5. d3 b5 6. Bb3 Be7 7. c3 O-O 8. Nbd2
d5 9. Qe2 dxe4 10. dxe4 Bd6 11. Nf1 Na5 12. Bc2 c5 13. Ng3 Qe7 14. Bg5 h6 15.
Bh4 g6 16. O-O-O Kg7 17. Nf1 Be6 18. Ne3 b4 19. c4 Nc6 20. Bxf6+ Kxf6 21. Nf5
Bxf5 22. exf5 Nd4 23. Nxd4 exd4 24. Qd3 g5 25. h4 g4 26. Rde1 Qc7 27. g3 Rh8
28. Re4 Rag8 29. Qe2 h5 30. Re6+ fxe6 31. Qxe6+ Kg7 32. f6+ Kf8 33. Re1 Qc6 34.
Ba4 Bf4+ 35. gxf4 Qxe6 36. Rxe6 Kf7 37. f5 Rh6 38. Rxa6 Rc8 39. Ra7+ Kxf6 40.
Bd7 Rf8 41. Rc7 Rf7 42. Rc6+ Ke5 43. Rxc5+ Kf4 44. Rd5 Kf3 45. Rxd4 Kxf2 46. c5
Ke3 1/2-1/2

[Event "Wch U16"]
[Site "Kemer"]
[Date "2009.11.22"]
[Round "11"]
[White "Petrosyan, Tigran S"]
[Black "Kurayan, Ruslan"]
[Result "0-1"]
[WhiteElo "2106"]
[BlackElo "2306"]
[PlyCount "84"]
[EventDate "2009.11.12"]
[EventType "swiss"]
[EventRounds "11"]
[EventCountry "TUR"]
[SourceTitle "EXT 2010"]
[Source "ChessBase"]
[SourceDate "2010.11.25"]
[SourceVersion "1"]
[SourceVersionDate "2010.11.25"]
[SourceQuality "1"]

1. e4 c5 2. Nf3 d6 3. d4 cxd4 4. Nxd4 Nf6 5. Nc3 g6 6. Be3 Bg7 7. f3 O-O 8. Qd2
Nc6 9. Bc4 Bd7 10. O-O-O Qa5 11. Bb3 Rfc8 12. Kb1 Ne5 13. h4 Nc4 14. Bxc4 Rxc4
15. Nb3 Qc7 16. h5 Rxc3 17. Qxc3 Qxc3 18. bxc3 Nxh5 19. Bd4 Be6 20. Rhe1 f6 21.
g4 Nf4 22. Rd2 Bh6 23. Be3 Bg5 24. Rh2 Kg7 25. Reh1 h6 26. Bf2 Bd7 27. Bh4 Rc8
28. Bxg5 fxg5 29. Kb2 h5 30. gxh5 gxh5 31. Nd4 Kf6 32. Rg1 Rc5 33. a3 Re5 34.
Ne2 Nxe2 35. Rxe2 d5 36. Kc1 dxe4 37. fxe4 g4 38. Kd2 Kg5 39. Ke3 Kg6 40. Kd4
Ra5 41. e5 h4 42. c4 h3 0-1